Winnie & Nelson : (Record no. 792382)
[ view plain ]
| 000 -LEADER | |
|---|---|
| fixed length control field | 00688nam a22002177a 4500 |
| 003 - CONTROL NUMBER IDENTIFIER | |
| control field | 3228 |
| 005 - DATE AND TIME OF LATEST TRANSACTION | |
| control field | 20260514102101.0 |
| 008 - FIXED-LENGTH DATA ELEMENTS--GENERAL INFORMATION | |
| fixed length control field | 260210b sa ||||| |||| 00| 0 eng d |
| 020 ## - INTERNATIONAL STANDARD BOOK NUMBER | |
| International Standard Book Number | 9781776194186 ( paperback) |
| 040 ## - CATALOGING SOURCE | |
| Original cataloging agency | MPL |
| Language of cataloging | eng |
| Transcribing agency | 3228 |
| Description conventions | Resource Description and Access |
| 082 #0 - DEWEY DECIMAL CLASSIFICATION NUMBER | |
| Classification number | 323.168092 STEI |
| 100 ## - MAIN ENTRY--PERSONAL NAME | |
| 9 (RLIN) | 57359 |
| Personal name | Steinberg, Jonny |
| 245 ## - TITLE STATEMENT | |
| Title | Winnie & Nelson : |
| Remainder of title | portrait of marriage / |
| Statement of responsibility, etc. | Jonny Steinberg |
| 260 ## - PUBLICATION, DISTRIBUTION, ETC. | |
| Place of publication, distribution, etc. | Johannesburg : |
| Name of publisher, distributor, etc. | Jonathan Ball Publishers |
| Date of publication, distribution, etc. | 2024. |
| 300 ## - PHYSICAL DESCRIPTION | |
| Dimensions | 20 cm |
| Extent | 584 pages |
| 600 #0 - SUBJECT ADDED ENTRY--PERSONAL NAME | |
| 9 (RLIN) | 196639 |
| Personal name | Mandela , Nelson |
| 600 #0 - SUBJECT ADDED ENTRY--PERSONAL NAME | |
| 9 (RLIN) | 130730 |
| Personal name | Madikizela-Mandela, Winnie |
| 650 ## - SUBJECT ADDED ENTRY--TOPICAL TERM | |
| Source of heading or term | Winnie & Nelson |
| 650 ## - SUBJECT ADDED ENTRY--TOPICAL TERM | |
| Form subdivision | Marriage |
| General subdivision | Biographies |
| Geographic subdivision | South Africa |
| 942 ## - ADDED ENTRY ELEMENTS | |
| Source of classification or shelving scheme | Dewey Decimal Classification |
| item type | Book |
| -- | 156 |
| -- | Lettie Matukane |
| Withdrawn status | Lost status | Source of classification or shelving scheme | Damaged status | Not for loan | Home library | Current library | Date acquired | Total Checkouts | Full call number | Barcode | Date last seen | Price effective from | item type |
|---|---|---|---|---|---|---|---|---|---|---|---|---|---|
| Dewey Decimal Classification | RIVERSIDE REFERENCE LIBRARY | RIVERSIDE REFERENCE LIBRARY | 10.02.2026 | 323.168092 STEI | 33228031011240 | 10.02.2026 | 10.02.2026 | Book |